hollywood humor (Record no. 218501)

MARC details
000 -LEADER
fixed length control field 00427nam a2200169Ia 4500
008 - FIXED-LENGTH DATA ELEMENTS--GENERAL INFORMATION
fixed length control field 090201s9999 xx 000 0 und d
010 ## - LIBRARY OF CONGRESS CONTROL NUMBER
LC control number KPL-13729
040 ## - CATALOGING SOURCE
Language of cataloging इंग्रजी
041 ## - LANGUAGE CODE
Language code of text/sound track or separate title इंग्रजी
082 ## - DEWEY DECIMAL CLASSIFICATION NUMBER
Classification number 18641
Item number 13729
100 ## - MAIN ENTRY--PERSONAL NAME
Personal name h t hlmo
245 ## - TITLE STATEMENT
Title hollywood humor
Statement of responsibility, etc h t hlmo
260 ## - PUBLICATION, DISTRIBUTION, ETC. (IMPRINT)
Date of publication, distribution, etc 2004
Name of publisher, distributor, etc ace books
300 ## - PHYSICAL DESCRIPTION
Extent 126
Other physical details मोठा
600 ## - SUBJECT ADDED ENTRY--PERSONAL NAME
Personal name hollywood humor
942 ## - ADDED ENTRY ELEMENTS (KOHA)
Koha item type Book
Holdings
Withdrawn status Lost status Damaged status Not for loan Home library Current library Date acquired Cost, normal purchase price Total Checkouts Barcode Date last seen Copy number Cost, replacement price Price effective from Koha item type
        Sarvajanik Wachanalaya, Kalyan Sarvajanik Wachanalaya, Kalyan   1.50   KPL-13729 02/01/2009 1 1.50 02/01/2009 Book